000 01074cam a22003257a 4500
003 CHAP
005 20220329134148.0
008 971013s1984 r 00010 d
010 _a16371
011 _a17343
035 _a21426
040 _cCHAP
082 _a531
_bG8
100 0 0 _aGuzmán, Ana Luisa.
_952035
245 0 _aMecánica I
260 _aMéxico, D.F., :
_bPatria,
_c1984
300 _a128 p.
_b: ilus
490 0 _aCol. Bachillerato Tecnológico. Tronco común : Física. Texto
_v; 1
590 _aBATCH-UPD
_b10
_c20130110
_lUCH01
_h0207
590 _aBATCH-UPD
_b10
_c20130110
_lUCH01
_h1811
590 _aBATCH-UPD
_b10
_c20130409
_lUCH01
_h2221
590 _aBATCH-UPD
_b10
_c20130410
_lUCH01
_h1146
590 _aBATCH-UPD
_b10
_c20130914
_lUCH01
_h1000
590 _aCONVERSION
_b10
_c20130109
_lUCH01
_h1310
650 1 4 _aMecánica.
_973810
830 0 _aCol. Bachillerato Tecnológico. Tronco común : Física. Texto
_v; 1
_924516
901 _aBK
942 _cLIBRO
949 _a531 G8
_bBC
_cLIBRO
_d33724000936894
_eLIBRO
_h66174
_i21426
_mD. Dr. Méndez
_so
999 _c16371
_d16371